<?xml version="1.0" encoding="UTF-8"?><?xml-stylesheet type="text/xsl" href="static/style.xsl"?><OAI-PMH xmlns="http://www.openarchives.org/OAI/2.0/" xmlns:xsi="http://www.w3.org/2001/XMLSchema-instance" xsi:schemaLocation="http://www.openarchives.org/OAI/2.0/ http://www.openarchives.org/OAI/2.0/OAI-PMH.xsd"><responseDate>2026-04-17T13:17:50Z</responseDate><request verb="GetRecord" identifier="oai:www.recercat.cat:2445/213305" metadataPrefix="marc">https://recercat.cat/oai/request</request><GetRecord><record><header><identifier>oai:recercat.cat:2445/213305</identifier><datestamp>2025-12-05T05:50:07Z</datestamp><setSpec>com_2072_1057</setSpec><setSpec>col_2072_478808</setSpec><setSpec>col_2072_478917</setSpec></header><metadata><record xmlns="http://www.loc.gov/MARC21/slim" xmlns:dcterms="http://purl.org/dc/terms/" xmlns:xsi="http://www.w3.org/2001/XMLSchema-instance" xmlns:doc="http://www.lyncode.com/xoai" xsi:schemaLocation="http://www.loc.gov/MARC21/slim http://www.loc.gov/standards/marcxml/schema/MARC21slim.xsd">
   <leader>00925njm 22002777a 4500</leader>
   <datafield ind2=" " ind1=" " tag="042">
      <subfield code="a">dc</subfield>
   </datafield>
   <datafield ind2=" " ind1=" " tag="720">
      <subfield code="a">Blanc-Blocquel, Augusto</subfield>
      <subfield code="e">author</subfield>
   </datafield>
   <datafield ind2=" " ind1=" " tag="720">
      <subfield code="a">Ortiz Gracia, Luis</subfield>
      <subfield code="e">author</subfield>
   </datafield>
   <datafield ind2=" " ind1=" " tag="720">
      <subfield code="a">Oviedo, Rodolfo J.</subfield>
      <subfield code="e">author</subfield>
   </datafield>
   <datafield ind2=" " ind1=" " tag="260">
      <subfield code="c">2024-06-17T09:19:23Z</subfield>
   </datafield>
   <datafield ind2=" " ind1=" " tag="260">
      <subfield code="c">2024-06-17T09:19:23Z</subfield>
   </datafield>
   <datafield ind2=" " ind1=" " tag="260">
      <subfield code="c">2024-11</subfield>
   </datafield>
   <datafield ind2=" " ind1=" " tag="260">
      <subfield code="c">2024-06-17T09:19:28Z</subfield>
   </datafield>
   <datafield ind2=" " ind1=" " tag="520">
      <subfield code="a">We propose novel Bitcoin-denominated derivatives contracts on carbon bonds. We consider afutures contract on carbon bonds where its price is expressed in terms of bitcoins. Then, we putforward options on a futures contract of the former type. Governments can use such contracts tohedge climate change and influence the prices of carbon bonds and cryptocurrencies. We showhow these derivatives transfer volatility to the bitcoin market without a negative effect in thecarbon bonds market. Since the aforementioned options are not yet traded in the market, weprice them by assuming that the underlying is driven by the well-known Heston model, wherethe model parameters are estimated by a novel method based on Shannon wavelets. Hestonmodel belongs to the class of stochastic volatility (SV) models. The discrete observations fromthe SV model can be seen as a state-space model, that is, a stochastic model in discrete-timewhich contains two sets of equations, the state equation and the observation equation. Whilethe first describes the transition of a latent process in time, the second shows how an observermeasures the latent process at each time period. We infer the properties of the latent variableby means of a filtering algorithm, and we estimate the parameters of the model via maximumlikelihood. The evaluation of the likelihood function is a time-consuming task that involvesupdating and prediction steps of the state variable, leading to the computation of complicatedintegrals. We calculate these integrals by means of an integration method based on Shannonwavelets, and compare the root mean square error (RMSE) of the estimation with state-of-the-artmethods. The results show that the RSME is dramatically reduced in a short CPU time with theuse of wavelets.</subfield>
   </datafield>
   <datafield tag="653" ind2=" " ind1=" ">
      <subfield code="a">Probabilitats combinatòries</subfield>
   </datafield>
   <datafield tag="653" ind2=" " ind1=" ">
      <subfield code="a">Canvi climàtic</subfield>
   </datafield>
   <datafield tag="653" ind2=" " ind1=" ">
      <subfield code="a">Bitcoin</subfield>
   </datafield>
   <datafield tag="653" ind2=" " ind1=" ">
      <subfield code="a">Algorismes</subfield>
   </datafield>
   <datafield tag="653" ind2=" " ind1=" ">
      <subfield code="a">Combinatorial probabilities</subfield>
   </datafield>
   <datafield tag="653" ind2=" " ind1=" ">
      <subfield code="a">Climatic change</subfield>
   </datafield>
   <datafield tag="653" ind2=" " ind1=" ">
      <subfield code="a">Bitcoin</subfield>
   </datafield>
   <datafield tag="653" ind2=" " ind1=" ">
      <subfield code="a">Algorithms</subfield>
   </datafield>
   <datafield ind2="0" ind1="0" tag="245">
      <subfield code="a">Efficient likelihood estimation of Heston model for novel climate-related financial contracts valuation</subfield>
   </datafield>
</record></metadata></record></GetRecord></OAI-PMH>